| 000 | 00554nam a2200193Ia 4500 | ||
|---|---|---|---|
| 005 | 20251020182538.0 | ||
| 008 | 200515s9999 xx 000 0 und d | ||
| 082 | _a728(083)/P87 | ||
| 110 | _aMinisterio de Educación y Cultura | ||
| 245 | 0 | _aAnales del II curso Iberoamericano de técnicas constructivas industrializadas para vivienda de interés social | |
| 260 | _aMontevideo | ||
| 260 | _c1993 | ||
| 500 | _a1 ejemplar | ||
| 650 | _aLIB | ||
| 650 | _aPREFABRICADOS | ||
| 650 | _aVIVIENDAS | ||
| 650 | _aVIVIENDAS DE BAJO COSTO | ||
| 942 | _cLIB | ||
| 999 |
_c2309 _d2309 |
||